000 00973nam a22002537a 4500
005 20170124103019.0
010 _aA-581951
020 _c30.00
035 _aA-581951
037 _bCen Lib/Ret
040 _aDPL
_bHN
082 _a
_bबानोस
100 _aबानो सरताज
_959940
245 _aएक घूँट ज़हर :
_cबानो सरताज
_bकहानियां /
246 _aEk ghoont zahar : kahaniyan /
_bby Bano Sartaj
260 _aअंबाला कैंट
_bतारिका प्रकाशन
270 _aA-47/2, शास्त्री कालोनी
_bअंबाला कैंट
_e133001
300 _a144पृ.
_c17सेमी (सजिल्द)
650 _aउर्दू साहित्य
_959941
650 _aकहानियां
_959942
650 _aUrdu literature
_959943
650 _aStories
_97500
942 _2ddc
_cHN
_h
_mबानोस
999 _c115111
_d115111